00425nam a22001217a 4500003000500000038001800005082000800023100001700031245012400048264003300172700004100205856005700246NUST aNusrat Nadeem a200 aMalik, Maria aFinancial Development and Technical Efficiency in Transitional Economies: Evidence from BLEND Countries/cMaria Malik,  aIslamabad:bS3H NUST.c2025. aSupervisor: Dr. Muhammad Irfan Malik uhttp://10.250.8.41:8080/xmlui/handle/123456789/57076